| 000 | 00681nam a2200205 i 4500 | ||
|---|---|---|---|
| 001 | 85058 | ||
| 003 | ES-MaACL | ||
| 005 | 20240418133625.0 | ||
| 007 | t| | ||
| 008 | 041125s1958 sp ||||1| spa d | ||
| 100 | 1 |
_aJiménez, Juan Ramón, _d1881-1958 _966417 |
|
| 245 | 1 | 0 |
_aPájinas escojidas / _cJuan Ramón Jiménez ; selección y nota preliminar de Ricardo Gullón. |
| 260 |
_a[Madrid] : _bGredos, _c1958 ( _fJura) |
||
| 300 |
_a2 v. ; _c20 cm. |
||
| 490 | 1 | _aBiblioteca románica hispánica | |
| 700 | 1 |
_aGullón, Ricardo, _d1908-1991 _960938 |
|
| 830 | 0 |
_aBiblioteca románica hispánica _9180746 |
|
| 852 |
_aES-MaACL _jC-14825-6 _bR.42407, 42408 |
||
| 999 |
_c85058 _d85058 |
||